000 00593nam a22002297a 4500
003 UA-OsUOA
001 88927
007 ta
008 20121022b un ||||| |||| 00| 0 ukr d
100 _aГлушко А.К.
090 _a821.161.2
_bГ55
942 _cBK
040 _aUA-OsUOA
_bukr
_cUA-OsUOA
_dUA-OsUOA
245 _aКинбурн
_bРоман
300 _a300 с.
955 _a3
041 _aukr
080 _a821.161.2
260 _aК.
_bРад.письменник
_c1988
650 7 _a82 Література. Літературознавство
_2UDC
999 _c375180
_d375180